| 000 | 00815nam a2200229 i 4500 | ||
|---|---|---|---|
| 001 | C2-0313852 | ||
| 003 | PPAK | ||
| 005 | 20180728105603.0 | ||
| 008 | 111129s my a|||| ||||| | may d | ||
| 040 |
_aPPAK _beng _cPPAK _erda |
||
| 082 | 0 | 4 |
_a923.2595112 _223 |
| 090 | 0 | 0 |
_a923.2595112 _bTAN _dKK |
| 245 | 0 | 0 |
_aTan Sri Dato' Syed Omar bin Syed Abdullah Shahabuddin : _bMenteri Besar Kedah Ke-3 |
| 264 | 1 |
_aAlor Setar, Kedah : _bBahagian Koleksi Kedah, Perbadanan Perpustakaan Awam Kedah , _c[date of publication not identified] |
|
| 300 |
_a11 pages : _bcolour illustrations ; _c30 cm |
||
| 336 |
_2rdacontent _atext |
||
| 337 |
_2rdamedia _aunmediated |
||
| 338 |
_2rdacarrier _avolume |
||
| 500 | _aArtikel | ||
| 650 | 1 | 0 | _aStatesmen - Biography - Kedah. ; Politicians - Biography - Kedah. |
| 942 |
_ddc _cB |
||
| 999 |
_c115489 _d115489 |
||